Active mining : second international workshop, AM 2003, Maebashi, Japan, October 28, 2003 : revised selected papers /
| Corporate Authors: | , , |
|---|---|
| Other Authors: | |
| Format: | Conference Proceeding eBook |
| Language: | English |
| Published: |
Berlin ; New York :
Springer,
[2005]
|
| Series: | Lecture notes in computer science ;
3430. Lecture notes in computer science. Lecture notes in artificial intelligence. |
| Subjects: | |
| Online Access: | Connect to the full text of this electronic book Publisher description |
MARC
| Tag | First Indicator | Second Indicator | Subfields |
|---|---|---|---|
| LEADER | 00000cam a2200000Ia 4500 | ||
| 001 | in00002471821 | ||
| 005 | 20210727084943.0 | ||
| 006 | m d | ||
| 007 | cr cn||||||||| | ||
| 008 | 081017s2005 gw a sb 101 0 eng d | ||
| 020 | |a 3540319336 | ||
| 020 | |a 9783540319337 | ||
| 035 | |a (OCoLC)262680797 | ||
| 035 | |a (OCoLC)ocn262680797 | ||
| 035 | |a 3070619 | ||
| 037 | |a 978-3-540-26157-5 |b Springer |n http://www.springerlink.com | ||
| 040 | |a GW5XE |b eng |c GW5XE |d UtOrBLW | ||
| 049 | |a TEFA | ||
| 050 | 1 | 4 | |a QA76.9.D343 |b A34 2003eb |
| 072 | 7 | |a QA |2 lcco | |
| 082 | 0 | 4 | |a 006.3/12 |2 22 |
| 111 | 2 | |a AM 2003 |d (2003 : |c Maebashi-shi, Japan) |0 http://id.loc.gov/authorities/names/no2005064154 | |
| 245 | 1 | 0 | |a Active mining : |b second international workshop, AM 2003, Maebashi, Japan, October 28, 2003 : revised selected papers / |c Shusaku Tsumoto [and others]. |
| 246 | 3 | 0 | |a AM 2003 |
| 264 | 1 | |a Berlin ; |a New York : |b Springer, |c [2005] | |
| 264 | 4 | |c ©2005 | |
| 300 | |a xii, 347 pages : |b illustrations ; |c 24 cm. | ||
| 336 | |a text |b txt |2 rdacontent | ||
| 337 | |a computer |b c |2 rdamedia | ||
| 338 | |a online resource |b cr |2 rdacarrier | ||
| 490 | 1 | |a Lecture notes in computer science, |x 0302-9743 ; |v 3430. |a Lecture notes in artificial intelligence | |
| 500 | |a "This volume contains the papers based on the tutorials of ISMIS 2003 and the papers selected from the regular papers presented at the 2nd International Workshop on Active Mining (AM 2003) held as part of ISMIS 2003"--P. [vii]. | ||
| 500 | |a Electronic resource. | ||
| 504 | |a Includes bibliographical references and index. | ||
| 533 | |a Electronic reproduction. |b New York : |c Springer, |d 2008. |n Mode of access: World Wide Web. |n System requirements: Web browser. |n Title from title screen (viewed on Oct. 10, 2008). |n Access may be restricted to users at subscribing institutions. | ||
| 650 | 0 | |a Data mining |v Congresses. |0 http://id.loc.gov/authorities/subjects/sh2008102035 | |
| 650 | 6 | |a Exploration de données (Informatique) |v Congrès. | |
| 650 | 7 | |a Exploration de données. |2 rasuqam | |
| 655 | 7 | |a Electronic books. |2 local | |
| 700 | 1 | |a Tsumoto, Shusaku, |d 1963- |0 http://id.loc.gov/authorities/names/n00014164 | |
| 710 | 2 | |a SpringerLink (Online service) |0 http://id.loc.gov/authorities/names/no2005046756 | |
| 711 | 2 | |a International Symposium on Methodologies for Intelligent Systems |n (14th : |d 2003 : |c Maebashi-shi, Japan) | |
| 776 | 1 | |c Original |z 3540261575 |z 9783540261575 |w (DLC) 2005926624 |w (OCoLC)60677127 | |
| 830 | 0 | |a Lecture notes in computer science ; |v 3430. |0 http://id.loc.gov/authorities/names/n42015162 | |
| 830 | 0 | |a Lecture notes in computer science. |p Lecture notes in artificial intelligence. |0 http://id.loc.gov/authorities/names/n86736436 | |
| 856 | 4 | 0 | |u http://proxy.library.tamu.edu/login?url=https://dx.doi.org/10.1007/b136140 |z Connect to the full text of this electronic book |t 0 |
| 856 | 4 | 2 | |3 Publisher description |u http://www.loc.gov/catdir/enhancements/fy0663/2005926624-d.html |t 0 |
| 994 | |a C0 |b TEF | ||
| 999 | |a MARS | ||
| 999 | f | f | |s 7e0e2660-a071-3484-95f9-a34cc80ae572 |i 27b24641-8ba4-32d1-9f80-ce52c6d4abbf |t 0 |
| 952 | f | f | |a Texas A&M University |b College Station |c Electronic Resources |d Available Online |t 0 |e QA76.9.D343 A34 2003eb |h Library of Congress classification |
| 998 | f | f | |a QA76.9.D343 A34 2003eb |t 0 |l Available Online |